Statystyki dla Rozpoznaj znanych Bolesławów

Kliknij tutaj aby rozwiązać quiz!

Ogólne statystyki

  • Ten quiz został rozwiązany 30 razy
  • Średni wynik to 4 z 9

Statystyki odpowiedzi

Odpowiedź% Poprawnych
Bolesław Chrobry
100%
Bolesław Prus
82%
Bolesław Bierut
71%
Bolesław Krzywousty
71%
Bolesław Śmiały
43%
Bolesław Leśmian
25%
Bolesław Kominek
11%
Bolesław Wieniawa-Długoszowski
11%
Bolesław Szabelski
4%

Rozkład punktacji

Percentyl według liczby udzielonych odpowiedzi

Procent ludzi z każdym wynikiem

Twoja historia wyników

Nie rozwiązałeś tego quizu